Municípios do Pará em um Mapa - Statistics

Estatísticas Gerais
  • Esse quiz foi jogado 4 818 vezes
  • A pontuação média é 39 de 144
Respostas no mapa
Respostas codificadas por cores de uma escala verde-vermelha no mapa do quiz de acordo com a % correta abaixo.
 
Estatísticas das Respostas
Município % Correto
Belém
95%
Altamira
82%
Santarém
76%
Ananindeua
75%
Marabá
71%
São Félix do Xingu
62%
Castanhal
61%
Parauapebas
58%
Paragominas
57%
Bragança
56%
Salinópolis
52%
Marituba
50%
Barcarena
47%
Abaetetuba
46%
Breves
46%
Santa Izabel do Pará
46%
Cametá
44%
Oriximiná
42%
Tailândia
42%
Tucuruí
42%
Itaituba
41%
Benevides
40%
Moju
40%
Canaã dos Carajás
39%
Capanema
39%
Afuá
36%
Redenção
36%
Óbidos
35%
Soure
35%
Alenquer
34%
Capitão Poço
34%
Viseu
34%
Chaves
32%
Vigia
32%
Xinguara
31%
Almeirim
30%
Igarapé-Açu
29%
Novo Progresso
29%
Santa Maria do Pará
29%
Acará
28%
Belterra
28%
Igarapé-Miri
28%
Jacareacanga
28%
Novo Repartimento
28%
Salvaterra
28%
Tomé-Açu
28%
Colares
27%
Dom Eliseu
27%
Monte Alegre
27%
Portel
27%
Santana do Araguaia
27%
São Miguel do Guamá
27%
Anapu
26%
Brasil Novo
26%
Conceição do Araguaia
26%
Curralinho
26%
Ipixuna do Pará
26%
Anajás
25%
Baião
25%
Bannach
25%
Faro
25%
Juruti
25%
Mãe do Rio
25%
Maracanã
25%
Melgaço
25%
Santa Bárbara do Pará
25%
Breu Branco
24%
Curuçá
24%
Ourém
24%
Tucumã
24%
Bagre
23%
Marapanim
23%
Rondon do Pará
23%
Jacundá
22%
Medicilândia
22%
Mocajuba
22%
Pacajá
22%
Placas
22%
Santo Antônio do Tauá
22%
Garrafão do Norte
21%
Goianésia do Pará
21%
Ourilândia do Norte
21%
Peixe-Boi
21%
Ponta de Pedras
21%
Porto de Moz
21%
Santa Luzia do Pará
21%
Aveiro
20%
Bujaru
20%
Gurupá
20%
Itupiranga
20%
Muaná
20%
Rurópolis
20%
Santarém Novo
20%
São Caetano de Odivelas
20%
Tracuateua
20%
Trairão
20%
Uruará
20%
Abel Figueiredo
19%
Água Azul do Norte
19%
Augusto Corrêa
19%
Cachoeira do Arari
19%
Curionópolis
19%
Ulianópolis
19%
Vitória do Xingu
19%
Aurora do Pará
18%
Bom Jesus do Tocantins
18%
Bonito
18%
Irituia
18%
Nova Ipixuna
18%
Nova Timboteua
18%
Prainha
18%
Terra Alta
18%
Terra Santa
18%
Cachoeira do Piriá
17%
Concórdia do Pará
17%
Eldorado do Carajás
17%
Oeiras do Pará
17%
Rio Maria
17%
São Geraldo do Araguaia
17%
São João de Pirabas
17%
Senador José Porfírio
17%
Cumaru do Norte
16%
Palestina do Pará
16%
São Domingos do Capim
16%
Curuá
15%
Floresta do Araguaia
15%
Mojuí dos Campos
15%
Pau D'Arco
15%
Primavera
15%
São Francisco do Pará
15%
São Sebastião da Boa Vista
15%
Inhangapi
14%
Limoeiro do Ajuru
14%
Magalhães Barata
14%
Quatipuru
14%
Nova Esperança do Piriá
13%
Santa Maria das Barreiras
13%
São Domingos do Araguaia
13%
Sapucaia
13%
Piçarra
12%
Santa Cruz do Arari
12%
São João do Araguaia
12%
Brejo Grande do Araguaia
11%
São João da Ponta
11%
Nenhum quiz correspondente encontrado
Distribuição das Pontuações
Porcentagem de Pessoas com Cada Pontuação
Percentil de Números Respondidos
Sua Pontuação Histórica
Você não jogou esse quiz